000 00529nam a2200193 a 4500
001 1770284919885
003 YourLibrary
005 20260205152336.0
008 260205s2008##################000#0#eng##
020 _a9781847205698
082 0 4 _a331.12042
_bGAZ
100 1 _aGazier, Bernard,
_eauthor.
245 1 0 _aRestructuring Work and Employment in Europe :
260 _bEdward Elgar Pub,
_c2008.
300 _a405 pages
650 0 _aBusiness & Economics.
942 _cENGLISH
040 _aYourLibrary
_beng
_cYourLibrary
999 _c610323
_d610323